The Legend of Zelda: Every Game - Statistics

General Stats
  • This quiz has been taken 48 times
    34 since last reset
  • The average score is 26 of 38
Answer Stats
Console Game % Correct
NES The Legend of Zelda
100%
SNES The Legend of Zelda: A Link to the Past
100%
GBC The Legend of Zelda: Oracle of Ages
100%
GBC The Legend of Zelda: Oracle of Seasons
100%
GCN The Legend of Zelda: The Wind Waker
100%
Wii/GCN The Legend of Zelda: Twilight Princess
100%
NES Zelda II: The Adventure of Link
100%
Nintendo Switch The Legend of Zelda: Breath of the Wild
96%
Gameboy The Legend of Zelda: Link's Awakening
96%
Nintendo Switch The Legend of Zelda: Link's Awakening for Nintendo Switch
96%
N64 The Legend of Zelda: Majora's Mask
96%
3DS The Legend of Zelda: A Link Between Worlds
93%
N64 The Legend of Zelda: Ocarina of Time
93%
Wii The Legend of Zelda: Skyward Sword
93%
DS The Legend of Zelda: Spirit Tracks
93%
DS The Legend of Zelda: Phantom Hourglass
89%
Nintendo Switch The Legend of Zelda: Tears of the Kingdom
85%
Wii U Hyrule Warriors
81%
GBA The Legend of Zelda: The Minish Cap
81%
3DS The Legend of Zelda: Triforce Heroes
78%
Nintendo Switch Hyrule Warriors: Age of Calamity
67%
Wii Link's Crossbow Training
67%
GCN The Legend of Zelda: Four Swords Adventures
63%
Wii U The Legend of Zelda: The Wind Waker HD
59%
CD-I Zelda: The Wand of Gamelon
52%
Nintendo Switch The Legend of Zelda: Skyward Sword HD
48%
Wii U The Legend of Zelda: Twilight Princess HD
48%
3DS The Legend of Zelda: Ocarina of Time 3D
44%
CD-I Zelda's Adventure
44%
CD-I Link: The Faces of Evil
41%
3DS The Legend of Zelda: Majora's Mask 3D
37%
Nintendo Switch Cadence of Hyrule
33%
GBC Link's Awakening DX
33%
DS Freshly-Picked Tingle's Rosy Rupeeland
19%
GBA The Legend of Zelda: A Link to the Past & Four Swords
15%
DSiWare The Legend of Zelda: Four Swords Anniversary Edition
11%
DS Ripened Tingle's Balloon Trip of Love
0%
DS Tingle's Balloon Fight DS
0%
No matching quizzes found
Score Distribution
Percent of People with Each Score
Percentile by Number Answered
Your Score History
You have not taken this quiz since the last reset